Readings in agents /
Guardado en:
| Otros Autores: | , |
|---|---|
| Formato: | Libro |
| Idioma: | English |
| Publicado: |
San Francisco, Calif. :
Morgan Kaufmann,
c1998.
|
| Materias: | |
| Acceso en línea: | Publisher description Table of contents |
| Etiquetas: |
Agregar Etiqueta
Sin Etiquetas, Sea el primero en etiquetar este registro!
|
| LEADER | 00972pam a2200253 a 4500 | ||
|---|---|---|---|
| 001 | DCC.dcic000409 | ||
| 008 | 970820s1998####caua#####b####001#0#eng## | ||
| 005 | 20151123153041.0 | ||
| 245 | 0 | 0 | |a Readings in agents / |c edited by Michael N. Huhns, Munindar P. Singh. |
| 260 | |a San Francisco, Calif. : |b Morgan Kaufmann, |c c1998. | ||
| 300 | |a xv, 523 p. : |b il. ; |c 28 cm. | ||
| 504 | |a Incluye referencias bibliográficas e índice. | ||
| 020 | |a 1558604952 | ||
| 700 | 1 | |a Huhns, Michael N. | |
| 700 | 1 | |a Singh, Munindar P. |q (Munindar Paul), |d 1964- | |
| 082 | 0 | 0 | |a 006.3 |2 21 |
| 650 | 0 | |a Intelligent agents (Computer software) | |
| 010 | |a 97037818 | ||
| 040 | |a DLC |c DLC |d DLC | ||
| 050 | 0 | 0 | |a QA76.76.I58 |b R43 1998 |
| 856 | 4 | 2 | |3 Publisher description |u http://www.loc.gov/catdir/description/els032/97037818.html |
| 856 | 4 | 1 | |3 Table of contents |u http://www.loc.gov/catdir/toc/els032/97037818.html |
| 859 | |a DCIC |b BIB. COMPUTACION |p 0519 |t 1 | ||
| 859 | |a DCIC |b BIB. COMPUTACION |p 1768 |t 2 | ||
